Akosť v stavebnej firme. 1

Osobitosti a všeobecné zákonitosti, ktoré musí firma dodržať v praxi, aby jej výrobky vyhovovali normám ISO. Uvedené na príklade Váhostavu, a.s. Žilina. Špecifiká stavebných firiem. Špecifické územné postupy. Projekty na zabezpečenie kvality stavby.

Enregistré dans:
Détails bibliographiques
Auteur principal: Lenhardt, J.
Format: Chapitre de livre
Langue:slovaque
Sujets:
Tags: Ajouter un tag
Pas de tags, Soyez le premier à ajouter un tag!

MARC

LEADER 00000naa a2200000 4500
001 r018495
005 20221213095601.3
041 0 |a slo 
044 |a SK 
245 1 0 |a Akosť v stavebnej firme. 1  |c J. Lenhardt 
520 |a Osobitosti a všeobecné zákonitosti, ktoré musí firma dodržať v praxi, aby jej výrobky vyhovovali normám ISO. Uvedené na príklade Váhostavu, a.s. Žilina. Špecifiká stavebných firiem. Špecifické územné postupy. Projekty na zabezpečenie kvality stavby. 
610 2 0 |a Slovensko 
610 2 0 |a 1995 
610 2 0 |a stavebníctvo 
610 2 0 |a kvalita 
610 2 0 |a certifikácia 
610 2 0 |a Váhostav, a.s. Žilina 
610 2 0 |a normy 
610 2 0 |a ISO 9001 
100 1 |a Lenhardt, J.